Normal view MARC view

Entry Personal Name

Number of records used in: 7

001 - CONTROL NUMBER

  • control field: 47067

003 - CONTROL NUMBER IDENTIFIER

  • control field: dpl

005 - DATE AND TIME OF LATEST TRANSACTION

  • control field: 20120514122805.0

008 - FIXED-LENGTH DATA ELEMENTS

  • fixed length control field: 120514|||a|||||| | ||| d

040 ## - CATALOGING SOURCE

  • Original cataloging agency: dpl
  • Transcribing agency: dpl

100 ## - HEADING--PERSONAL NAME

  • Personal name: Mohapatra, A. K. Das

670 ## - SOURCE DATA FOUND

  • Source citation: Work cat.: (dpl)565: Mohapatra, A. K. Das, International accounting, 2007

670 ## - SOURCE DATA FOUND

  • Source citation: Work cat.: (dpl)565: Mohapatra, A. K. Das, International accounting, 2007

© Delhi Public Library
Hit Counter
free hit counter